01006cam a2200265 i 450000100090000000300090000900500170001800800410003503500240007604001250010008200200022524500760024526400380032130000400035933600260039933700280042533800270045350000200048065000350050065500170053570000310055294200120058399900170059595201280061211147627EG-ScBUE20250716101812.0740701s1966 nyuax f 0 1 a0eng d a(OCoLC)ocm00933141  aDLCbengerdacOClUdNSDPdDLCdOCoLCdOCoLCdOCoLCdAIPdOCoLCdDLCdNSDPdNSTdCaOONLdMHdOCoLCdNLGGCdDLCdEG-ScBUE04a541.37222bMOD00aModern aspects of electrochemistry.nNo.4 /cedited by J. O'M. Bockris. 1aNew York : bPlenum Press,c1966. a316 pages :billustrations ;c20 cm 2rdacontentatextbtxt aunmediated2rdamediabn avolumebnc2rdacarrier aIncludes index. 7aElectrochemistry.2BUEsh97098 vReading book1 aBockris, J. O'M.,eeditor. 2ddccBB c12076d12076 00102ddc40708Alef-BaaaMAINbMAINc1STd2009-06-29ePurchaseg150.00l0o541.37 MODp000017241r2025-07-15 00:00:00yBB